| 000 | 00576nam a2200253Ia 4500 | ||
|---|---|---|---|
| 001 | Z_1282 | ||
| 003 | CHAP | ||
| 008 | 220113s1986 xx 000 0 und d | ||
| 010 | _a164370 | ||
| 040 | _cCHAP | ||
| 082 | _a574.192 H4 | ||
| 100 | 1 |
_aHerrera, Emilio _954963 |
|
| 245 |
_aBioquímica / _cpor Emilio Herrera |
||
| 260 |
_aMéxico : _bEMALSA :, _bInteramericana, _c1986 |
||
| 300 |
_a1244 p. : _bilus |
||
| 503 | _aC/E | ||
| 650 |
_aBioquímica _912849 |
||
| 901 | _a574.192 H4 | ||
| 902 | _aM | ||
| 910 | _a1986 | ||
| 942 | _c1 | ||
| 942 | _cc1 | ||
| 999 |
_c164370 _d164370 |
||